Field crops /

Guardado en:
Autor Principal: Rather, Howard C. 1895-1950.
Otros Autores: Harrison, Carter Monroe.
Formato: Libro
Idioma:English
Publicado: New York : McGraw-Hill, c1951.
Edición:2nd ed.
Series:McGraw-Hill publications in the agricultural sciences
Etiquetas: Agregar Etiqueta
Sin Etiquetas, Sea el primero en etiquetar este registro!
LEADER 00637nam a22001815a 4500
001 EEA.libagro002044
005 20140908125729.0
008 130809s1951####nyua#####b####000#0#eng#d
082 0 4 |a 633 
100 1 |a Rather, Howard C.  |q (Howard Christian),  |d 1895-1950. 
245 1 0 |a Field crops /  |c [by] Howard C. Rather [and] Carter M. Harrison. 
250 |a 2nd ed. 
260 |a New York :  |b McGraw-Hill,  |c c1951. 
300 |a ix, 446 p. :  |b il. ;  |c 24 cm. 
490 1 |a McGraw-Hill publications in the agricultural sciences 
504 |a Incluye bibliografías. 
700 1 |a Harrison, Carter Monroe. 
859 |a AR-BbBCA  |b BIB. AGRONOMIA  |h 633  |i R234a2  |p 1962/0089